000 00519nam a2200181Ia 4500
003 GCL
008 140319s9999 xx 000 0 ara d
040 _aGCL /
_cGCL
082 0 4 _a276.44
_bد ذ
100 1 _aوليم جندى
245 1 0 _aالذبيحة الحية /
_cوليم جندى
700 1 _aواتشمان نى
260 _a[S.N] :
_bدار الثقافة المسيحية ،
_c1980
300 _a147 ص
490 _aسلسلة دروس اساسية
_v0
650 0 4 _aتعاليم
942 _2ddc
_cBK
999 _c58826
_d58826